Switching and Finite Automata Theory (Record no. 6395)

MARC details
000 -LEADER
fixed length control field 00576nam a22002177a 4500
003 - CONTROL NUMBER IDENTIFIER
control field OSt
005 - DATE AND TIME OF LATEST TRANSACTION
control field 20191205113207.0
008 - FIXED-LENGTH DATA ELEMENTS--GENERAL INFORMATION
fixed length control field 191205b ||||| |||| 00| 0 eng d
020 ## - INTERNATIONAL STANDARD BOOK NUMBER
International Standard Book Number 9780521857482
040 ## - CATALOGING SOURCE
Transcribing agency DDC
082 ## - DEWEY DECIMAL CLASSIFICATION NUMBER
Classification number 511.35 KOH 2010
100 ## - MAIN ENTRY--PERSONAL NAME
Personal name Kohavi, Zvi; Jha, Niraj K.
9 (RLIN) 13116
245 ## - TITLE STATEMENT
Title Switching and Finite Automata Theory
250 ## - EDITION STATEMENT
Edition statement 3rd ed.
260 ## - PUBLICATION, DISTRIBUTION, ETC. (IMPRINT)
Place of publication, distribution, etc. Cambridge University Press,
Date of publication, distribution, etc. 2010
300 ## - PHYSICAL DESCRIPTION
Extent viii,617p;
Other physical details Ill:
Dimensions 25cm
504 ## - BIBLIOGRAPHY, ETC. NOTE
Bibliography, etc Index included
650 ## - SUBJECT ADDED ENTRY--TOPICAL TERM
Topical term or geographic name as entry element Finite theory
9 (RLIN) 13117
650 ## - SUBJECT ADDED ENTRY--TOPICAL TERM
Topical term or geographic name as entry element Switches
9 (RLIN) 13118
942 ## - ADDED ENTRY ELEMENTS (KOHA)
Source of classification or shelving scheme Other/Generic Classification Scheme
Koha item type Open Shelf
Holdings
Withdrawn status Lost status Source of classification or shelving scheme Damaged status Not for loan Home library Current library Date acquired Source of acquisition Inventory number Total Checkouts Full call number Barcode Date last seen Koha item type
    Dewey Decimal Classification     MUST Main Library MUST Main Library 05/12/2019 Donation 11/33234   511.35 KOH 2010 2019-0691 05/12/2019 Open Shelf